The stone age of Northern Africa
Sparad:
| Huvudupphovsman: | |
|---|---|
| Materialtyp: | Bok |
| Språk: | Undetermined |
| Publicerad: |
New York
Penguin Books
1960
|
| Ämnen: | |
| Taggar: |
Lägg till en tagg
Inga taggar, Lägg till första taggen!
|
| Thư viện lưu trữ: | Trung tâm Học liệu Trường Đại học Cần Thơ |
|---|
| LEADER | 00470nam a2200169Ia 4500 | ||
|---|---|---|---|
| 001 | CTU_10641 | ||
| 008 | 210402s9999 xx 000 0 und d | ||
| 082 | |a 930.12009 | ||
| 082 | |b M118 | ||
| 100 | |a C B.M. McBurney | ||
| 245 | 4 | |a The stone age of Northern Africa | |
| 245 | 0 | |c C B.M. McBurney | |
| 260 | |a New York | ||
| 260 | |b Penguin Books | ||
| 260 | |c 1960 | ||
| 650 | |a archaeology,north africa - to 647 | ||
| 980 | |a Trung tâm Học liệu Trường Đại học Cần Thơ | ||